| Поле | Инд. | ПП | Название | Значение |
|---|---|---|---|---|
| Тип записи | a | |||
| Библиографический уровень | m | |||
| 001 | _ | Контрольный номер | RU\infra-m\znanium\bibl\1028566 | |
| 005 | _ | Дата корректировки | 20250915104145.6 | |
| 008 | Кодируемые данные | 191004s2019 RU g rus u | ||
| 020 | a | ISBN | 978-5-238-01246-9 | |
| 040 | a | Служба первич. каталог. | Общество с ограниченной ответственностью «ЗНАНИУМ» | |
| 041 | a | Код языка текста | rus | |
| 044 | a | Код страны публикации | RU | |
| 080 | a | Индекс УДК | 15 | |
| 084 | 2 | Источник индекса | rubbk | |
| a | Индекс другой классификации/Индекс ББК | 884 | ||
| 084 | 2 | Источник индекса | okso | |
| a | Индекс другой классификации/Индекс ББК | 37.00.00 | ||
| 084 | 2 | Источник индекса | okso | |
| a | Индекс другой классификации/Индекс ББК | 37.03.01 | ||
| 100 | 1_ | a | Автор | Гуревич Павел Семенович |
| q | Полное имя | Павел Семенович | ||
| 245 | a | Заглавие | Психология чрезвычайных ситуаций | |
| b | Продолж. заглавия | Учеб. пособие для студентов вузов; Учебное пособие | ||
| c | Ответственность | Московский государственный университет им. М.В. Ломоносова, факультет психологии | ||
| 250 | a | Основные сведения об издании | 1 | |
| 260 | a | Место издания | Москва | |
| b | Издательство | Издательство "ЮНИТИ-ДАНА" | ||
| c | Дата издания | 2017 | ||
| 300 | a | Объем | 495 с. | |
| 520 | a | Аннотация | Огромные массы людей в России прошли через опыт экстремальных ситуаций (войны землетрясения взрыв атомного реактора террористические акты миграция). Их численность постоянно возрастает. Психологические последствия любого социального кошмара всегда сильнее самого события. Психологическая реабилитация позволяет человеку вернуться к нормальной психической жизни. Психология чрезвычайных ситуаций изучает не только процессы «больной» «изуродованной» психики — она имеет отношение к проблемам личностного роста возвышения и духовности. Книга адресована не только психологам и специалистам по чрезвычайным ситуациям но и широкому кругу читателей. | |
| 521 | a | Примеч. о целев. назн. | ВО - Бакалавриат | |
| 650 | a | Основная рубрика | Психология | |
| x | Основная подрубрика | Общая психология | ||
| 852 | x | Примечание, не предназначенное для пользователя | znanium2023 | |
| 856 | 4_ | a | Имя сервера/домена | znanium.com |
| m | Помощь | ebs_support@infra-m.ru | ||
| n | Местонахождение сервера | НИЦ ИНФРА-М | ||
| u | URL | https://znanium.com/catalog/document?id=340986 | ||
| z | Примечание для пользователя | Участвует в КО | ||
| 856 | 41 | a | Имя сервера/домена | znanium.com |
| d | Путь | /cover/1028 | ||
| f | Электронное имя | 1028566.jpg | ||
| q | Тип электронного формата | image/jpeg | ||
| u | URL | https://znanium.com/cover/1028/1028566.jpg |